• 首页
  • 本馆介绍
  • 公告通知
  • 最新文献
  • 馆藏检索
  • 电子资源
  • 读者导购
  • 参考咨询
  • 我的图书馆
  • 登录
  • 详细信息显示
  • 放入我的书架
  • 预约/预借图书
  • 作者相关作品
  • 分类相关作品
  • 丛书相关作品
  • 出版社相关作品

书目信息

  • 表格格式
  • 工作单格式
  • 卡片格式
题名:
自动化学分析
    
 
作者: 福尔曼 , 斯托克韦尔 著 ;刘世宏 , 赵良仲 , 潘承璜 , 王当憨 译
分册:  
出版信息: 北京   原子能出版社  1985
页数: 343页
开本: 20cm
丛书名:
单 册:
中图分类: O651
科图分类:
主题词: 自动分析-化学分析 , 化学分析-自动分析 , 分析化学 , 分析(化学)
电子资源:
ISBN:
000 00971nam0 2200337 45
001 0185009645
005 20040519151438.8
010    @dCNY1.65
091    @a15175.527
100    @a19900904d1985 emky0chiy0121 ea
101 1  @achi@ceng
102    @aCN@b110000
105    @ay z 000yy
106    @ar
200 10 @a自动化学分析@Azi dong hua xue fen xi@f( )福尔曼,( )斯托克韦尔著@g刘世宏等译
210    @a北京@c原子能出版社@d1985
215    @a343页@d20cm
606    @a自动分析-化学分析
606    @a化学分析-自动分析
606 0  @a分析化学
606 0  @a分析(化学)
690    @aO651
701  1 @a福尔曼@Afu er man@bJ.K.@4著
701  1 @a斯托克韦尔@Asi tuo ke wei er@bP.B.@4著
702  0 @a刘世宏@Aliu shi hong@4译
702  0 @a赵良仲@Azhao liang zhong@4著
702  0 @a潘承璜@Apan cheng huang@4译
702  0 @a王当憨@Awang dang han@4译
801  0 @aCN@b深圳图书馆@c20040519
801  2 @aCN@bNLC@c20040519
905    @f3@b153960-962@dO651@e58
    
    自动化学分析/( )福尔曼,( )斯托克韦尔著/刘世宏等译.-北京:原子能出版社,1985
    343页;20cm
    
    
    ISBN :CNY1.65
    
●
相关链接 在E读中查询图书 在五车中查询图书 在当当中查询图书 在豆瓣中查询图书


正题名:自动化学分析     索取号:O651/58         预约/预借

序号 登录号 条形码 馆藏地/架位号 状态 备注
1 0153960   000631846   第三借阅区/ [索取号:O651/58] 在馆    
2 0153961   000631837   第三借阅区/ [索取号:O651/58] 在馆    
3 0153962   000631828   密集书库/ [索取号:O651/58] 在馆    
4 0153963   001939068   密集书库/ [索取号:O651/58] 在馆    
5 0153964   202104490   第二样本阅览室/ [索取号:O651/58] 在馆    
唐山师范学院图书馆 欢迎您!
大连网信软件有限公司© 版权所有